Match the Building to its Country #1 - Statistics

General Stats
  • This quiz has been taken 37 times
  • The average score is 17 of 20
Answer Stats
Hint Answer % Correct
Sydney Opera House Australia
97%
Christ the Redeemer Brazil
97%
Big Ben United Kingdom
97%
Eiffel Tower France
94%
Louvre Museum France
94%
Taj Mahal India
94%
Colosseum Italy
94%
Leaning Tower of Pisa Italy
94%
Palace of Westminster United Kingdom
94%
Statue of Liberty USA
94%
The Forbidden City China
91%
Kremlin Russia
91%
Burj Khalifa UAE
91%
Neuschwanstein Castle Germany
89%
CN Tower Canada
86%
Sagrada Familia Spain
86%
Petronas Towers Malaysia
77%
St. Basil’s Cathedral Russia
71%
Marina Bay Sands Singapore
43%
Shwedagon Pagoda Myanmar
29%
No matching quizzes found
Score Distribution
Percent of People with Each Score
Percentile by Number Answered
Your Score History
You have not taken this quiz